000 00864nab a2200265 u 4500
001 21688
003 HDC
007 cr bn ---aaaaa
008 210309c20091215xx dr|noo 0 a eng d
040 _aHDC
100 _aMoore, Clover
_eauthor
_919097
245 0 _aWhy we must ban export of live sheep / by
_cClover Moore
260 _a[No place] :
_b[publisher not identified],
_c2009
300 _a1 online resource
336 _atext
_2rdacontent
337 _acomputer
_2rdamedia
338 _aonline resource
_2rdacarrier
650 _aExport industry
_95987
650 _alive sheep
_919098
710 _aHalal Focus
856 _zRequest full-text at [email protected]
942 _2lcc
942 _cNEWS
942 _kNWSO 006597
999 _c19004
_d19004